00522nam a2200181Ia 4500003000400000005001700004008004100021020001800062040000700080041000800087082002600095100004600121245007200167260003800239300002100277365001800298650002400316OSt20230413151706.0210423s2005 xx 000 0 und d a0-393-97538-X cAL aeng a820.809282 223bZIPN aZIPES (Jack);PAUL (Lissa);VALLONE (Lynne) aNorton anthology of childrens literature: the traditions in English aNew YorkbW W Norton & Co.,c2005 axxxviii,2471bPB b16091.75cUSD aEnglish Collections